Central Library OPAC University of Rajshahi

Development through food: (Record no. 5432)

MARC details
000 -LEADER
fixed length control field 00856cam a22002771 4500
001 - CONTROL NUMBER
control field 5432
003 - CONTROL NUMBER IDENTIFIER
rucl marc code BD-RjUL
005 - DATE AND TIME OF LATEST TRANSACTION
control field 20211208234050.0
008 - FIXED-LENGTH DATA ELEMENTS--GENERAL INFORMATION
fixed length control field 131226r19621961it 000 0 eng d
035 ## - SYSTEM CONTROL NUMBER
System control number (BD-RjUL)5468
System control number (OCoLC)3117015
040 ## - CATALOGING SOURCE
Original cataloging agency DLC
Transcribing agency IaIndS
Modifying agency DLC
-- BD-RjUL
Language of cataloging eng
041 ## - LANGUAGE CODE
Language code of text/sound track or separate title eng
082 ## - DEWEY DECIMAL CLASSIFICATION NUMBER
Classification number 363.883
Author mark and year DEV 1962
110 2# - MAIN ENTRY--CORPORATE NAME
Corporate name or jurisdiction name as entry element Food and Agriculture Organization of the United Nations.
9 (RLIN) 5605
245 10 - TITLE STATEMENT
Title Development through food:
Remainder of title a strategy for surplus utilization /
250 ## - EDITION STATEMENT
Edition statement [Rev. ed.]
260 ## - PUBLICATION, DISTRIBUTION, ETC. (IMPRINT)
Place of publication, distribution, etc. Rome,
Date of publication, distribution, etc. 1962 [c1961]
300 ## - PHYSICAL DESCRIPTION
Pagination xiii, 162 p. ;
Illustrations diagrs.:
Size 23 cm.
490 0# - SERIES STATEMENT
Series statement Freedom From Hunger Campaign. Basic study
Volume/sequential designation no. 2
650 #0 - SUBJECT ADDED ENTRY--TOPICAL TERM
Topical term or geographic name as entry element Food relief.
9 (RLIN) 16438
Topical term or geographic name as entry element Surplus agricultural commodities.
9 (RLIN) 10354
942 ## - ADDED ENTRY ELEMENTS (KOHA)
Source of classification or shelving scheme Dewey Decimal Classification
Koha item type Books
Holdings
Lost status Source of classification or shelving scheme Damaged status Not for loan Collection code Permanent Location Current Location Shelving location Date acquired Source of acquisition Cost, normal purchase price Total Checkouts Full call number Date last seen Copy number Koha item type
  Dewey Decimal Classification   Not For Loan Non-fiction Central Library, University of Rajshahi Central Library, University of Rajshahi   02/06/1964 Zeithinger. 12.00   363.883 DEV 1962 26/12/2013 C-1 Books